000 00701nam a2200229 i 4500
001 C2-0137763
003 PPAK
005 20180727124402.0
008 971218s xx |||| ||||| | may d
040 _aPPAK
_beng
_cPPAK
_erda
082 0 4 _a915.95112
_223
090 0 0 _a915.95112
_bSUT
_dKK
100 0 _aSutung Umar Rs,
_eauthor
245 1 0 _aLangkawi tanahairku Langkawi
264 1 _a[place of publication not identified] :
_b[publisher not identified] ,
_c[date of publication not identified]
300 _a[4 pages] ;
_c30 cm
336 _2rdacontent
_atext
337 _2rdamedia
_aunmediated
338 _2rdacarrier
_avolume
650 1 0 _aKedah - Description and Travel
942 _ddc
_cB
999 _c43126
_d43126